Obchodní společnosti podle obchodního zákoníku.

Prehľad o obchodných spoločnostiach podľa obchodného zákonníka, platného od 1.1.1992. Druhy a charakteristika obchodných spoločností, ich právne postavenie, konanie, riadenie a orgány. Založenie a vznik obchodných spoločností, spoločenská zmluva a stanovy. Účtovníctvo, zisk a rezervný fond obchodnej...

Full description

Saved in:
Bibliographic Details
Main Author: Bernat, F.
Format: Book Chapter
Language:Czech
Subjects:
Tags: Add Tag
No Tags, Be the first to tag this record!

MARC

LEADER 00000naa a2200000 4500
001 r007973
005 20220831085428.4
041 0 |a cze 
044 |a [CS] 
245 1 0 |a Obchodní společnosti podle obchodního zákoníku.  |c F. Bernat 
520 |a Prehľad o obchodných spoločnostiach podľa obchodného zákonníka, platného od 1.1.1992. Druhy a charakteristika obchodných spoločností, ich právne postavenie, konanie, riadenie a orgány. Založenie a vznik obchodných spoločností, spoločenská zmluva a stanovy. Účtovníctvo, zisk a rezervný fond obchodnej spoločnosti. 
610 2 0 |a spoločnosti obchodné 
610 2 0 |a zákonník obchodný 
610 2 0 |a ČSFR 
610 2 0 |a 1992 
610 2 0 |a predpisy právne 
610 2 0 |a účtovníctvo 
610 2 0 |a zisk podnikový 
610 2 0 |a fond rezervný 
100 1 |a Bernat, F.